| 000 | 02903nam a2200469 c 4500 | ||
|---|---|---|---|
| 003 | BLK | ||
| 005 | 20250520102155.0 | ||
| 008 | 180409b bul|||||r ||||||| ||bul|| | ||
| 010 | _aKNG00148510000 | ||
| 020 |
_a978-954-28-1355-2 _bиздат.: Сиела Норма |
||
| 040 | _aBLK | ||
| 041 |
_aBUL _cBUL |
||
| 072 | 7 |
_2bullib _aН15 _xПсихология Н |
|
| 080 |
_aПсихотехника. Приложна психология. Психотестове. Консултативна психология _b159.98 _x:336.74(02.062) _z159.98:336.74(02.062) |
||
| 080 |
_aЕтиология. Учение за причините на болестите _b616-02 _x:159.923(02.062) _z616-02:159.923(02.062) |
||
| 080 |
_aПсихотерапия - Психодрама, лечение по системата на йогите, колективна психотерапия, терапевтично влияние на музиката, изкуство. Медитация - психотерапевтични аспекти. Самовнушение. Вж и 616.89 _b615.851 _x(02.062) _z615.851(02.062) |
||
| 080 |
_aИндивидуална психология. Психология на личността. Индивидуалност. Психология на характера. Характерология. Психологическа типология _b159.923 _x(02.062) _z159.923(02.062) |
||
| 100 | 1 |
_aДалке, Рюдигер _eпърви автор _9367811 |
|
| 700 | 1 |
_aИванова, Ива _eпрев. от нем. _9367053 |
|
| 139 |
_aДалке, Рюдигер _bД 14 |
||
| 245 | 1 | 0 |
_aПсихология на парите _bС житейските закони - по пътя към щастието и успеха _cРюдигер Далке; прев. от нем. Ива Иванова. |
| 257 | _aDEU | ||
| 260 |
_аСофия _bСиела Норма _c2013 _fКостинброд : Мултипринт |
||
| 300 |
_a175 с. _c21 см |
||
| 380 | _a1 | ||
| 490 | 1 | _aПоредица Нова ера в общуването | |
| 500 | _aОриг. загл. Die psychologie des Geldes / Rudiger Dahlke. - Авторът. - Библиогр. под линия. | ||
| 650 | 4 |
_aПсихотерапия - популярна литература _9269096 |
|
| 650 | 4 |
_aПсихосоматика - популярна литература _9168411 |
|
| 650 | 4 |
_aПари - психологични проблеми _9327622 |
|
| 650 | 4 |
_aЛичност - психология _9243160 |
|
| 653 | _aпсихосоматика | ||
| 653 | _aпсихотерапия | ||
| 653 | _aпсихология на личността | ||
| 659 | _aН | ||
| 852 | _aЦб 264030 | ||
| 856 | 4 |
_qpdf _u |
|
| 856 | 4 |
_qpdf _u |
|
| 942 |
_cKNG _n0 _012 |
||
| 944 |
_aCR _c06.08.2013 _lХристина Везирева _k30535 |
||
| 944 |
_aED _c21.08.2013 _lф / _k |
||
| 999 |
_c142420 _d142420 |
||